| 000 | 00978nam a2200289 a 4500 | ||
|---|---|---|---|
| 005 | 20260322212021.0 | ||
| 008 | data | ||
| 010 | _a 74017414 // r86 | ||
| 020 | _a0884101185 | ||
| 020 | _a9780884101185 | ||
| 050 | 0 |
_aRA790.5 _b.P37 |
|
| 060 | _aWM30 R551p 1974 | ||
| 096 | _aWM 30 R272p | ||
| 245 | 0 | 0 |
_aPatient care evaluation in mental health programs. _cedited by Donald C. Riedel, Gary L. Tischler & Jerome K. Myers. |
| 260 |
_aCambridge, Mass., _bBallinger Pub. Co. _c[1974] |
||
| 300 |
_axxii, 292 p. _billus. _c24 cm. |
||
| 504 | _aIncludes bibliographical references. | ||
| 590 | _aIncludes bibliographical references. | ||
| 650 | 0 |
_aMental health services _xEvaluation. |
|
| 650 | 0 |
_aCommunity mental health services _xEvaluation. |
|
| 650 | 2 | _aCommunity Mental Health Services. | |
| 650 | 2 | _aPatient Care Planning. | |
| 700 | 1 |
_aRiedel, Donald C., _d1934- |
|
| 700 | 1 | _aTischler, Gary L. | |
| 700 | 1 |
_aMyers, Jerome K. _d1921- _q(Jerome Keeley), |
|
| 001 | data | ||
| 999 |
_c462 _d462 |
||